| 000 | 00507nam a22001697a 4500 | ||
|---|---|---|---|
| 003 | PILC | ||
| 005 | 20160309180127.0 | ||
| 008 | 160309b xxu||||| |||| 00| 0 eng d | ||
| 020 | _a9781628101430 | ||
| 050 |
_aKF 1438 _b.H429 2015 |
||
| 100 | _aHazen, Thomas Lee. | ||
| 245 |
_aSecurities regulation : _bselected statutes, rules and forms / _cThomas Lee Hazen. |
||
| 260 |
_aUSA : _bWest Academic Publishing, _c2015. |
||
| 300 |
_av, 1999 pages ; _c25 cm. |
||
| 500 | _aIncludes index. | ||
| 942 |
_2lcc _cBK |
||
| 999 |
_c291526 _d291526 |
||